| 000 | 005040000a22001810004500 | ||
|---|---|---|---|
| 003 | MACL | ||
| 005 | 20160407152006.0 | ||
| 008 | 160407b xxu||||| |||| 00| 0 eng d | ||
| 040 |
_aMACL _cMACL |
||
| 041 | _aHindi | ||
| 082 | _a630 | ||
| 100 |
_aसुनीता शर्मा _920235 |
||
| 245 | _aमेरे देश की धरती | ||
| 260 |
_aदिल्ली _bमधुर बुक्स _c2011 |
||
| 350 | _a450 | ||
| 650 |
_aAgriculture _951029 |
||
| 942 |
_cHIN _k630 _2ddc |
||
| 999 |
_c46711 _d46711 |
||